Welcome to the Holygrace Academy Library

Please use search bar below to get started

ELEMENTARY NUMBER THEORY (Record no. 1211)

MARC details
000 -LEADER
fixed length control field 00362nam a22001457a 4500
020 ## - INTERNATIONAL STANDARD BOOK NUMBER
ISBN 81-8128-278-7
082 ## - DEWEY DECIMAL CLASSIFICATION NUMBER
Classification number 510
Item number JON/E
100 ## - MAIN ENTRY--AUTHOR NAME
Personal name JONES, GARENTH, JONES, MARY
245 ## - TITLE STATEMENT
Title ELEMENTARY NUMBER THEORY
250 ## - EDITION STATEMENT
Edition statement SECOND EDITION
260 ## - PUBLICATION, DISTRIBUTION, ETC. (IMPRINT)
Place of publication DELHI
Name of publisher SPRINGER (INDIA) PRIVATE LTD
Year of publication 2006
300 ## - PHYSICAL DESCRIPTION
Number of Pages 301
650 ## - SUBJECT ADDED ENTRY--TOPICAL TERM
Topical Term MATHS REFERENCE
Geographic subdivision INDIA
942 ## - ADDED ENTRY ELEMENTS (KOHA)
Koha item type Books
Holdings
Withdrawn status Lost status Collection code Home library Current library Shelving location Date acquired Source of acquisition Full call number Accession Number Koha item type
    Reference Main Library Main Library SHELF-5 A REFERENCE MATHS 23/10/2006 purchase 510 JON/E 03335 Books